Banderas de países con azul eliminado - Estadísticas

Estadísticas generales
  • Esta prueba ha sido intentada 5.120 veces
  • La puntuación promedio es 13 de 16
Estadísticas de respuestas
Imagen Respuesta % Correcto
Estados Unidos
97%
Corea del Sur
96%
Suecia
95%
Uruguay
94%
Corea del Norte
92%
Ucrania
92%
Australia
90%
Malasia
89%
Filipinas
84%
Rumania | Chad
84%
Panamá
82%
Islandia
81%
Francia
79%
Bosnia y Herzegovina
76%
República Democrática del Congo
74%
Chile
32%
No se encontraron pruebas coincidentes
Distribución de puntuación
Porcentaje de gente con cada puntuación
Porcentaje por número respondido
Historial de tus puntuaciones
No has intentado esta prueba.